| 000 | 00563nam a22001697a 4500 | ||
|---|---|---|---|
| 005 | 20251108171819.0 | ||
| 008 | 250721s9999 xx 000 0 ara d | ||
| 082 | 1 | 4 | _aط/ق/مشم |
| 245 | 1 | 0 | _aمشمش وأصدقائه / |
| 264 | 1 |
_a[د.ن] : _bدار المعارف للطباعة العربية، _c[19-]. |
|
| 300 | _a17ص : مص. | ||
| 490 | 0 | _aوالت ديزني : مغامرات الطفل الصغير | |
| 650 | 1 | 7 | _aقصص الأطفال |
| 653 | _aأطفال مرحلة متوسطة ( 6 - 9 سنوات ) | ||
| 942 |
_2ddc _cBK |
||
| 999 |
_c63236 _d63236 |
||